00592nam a22002177a 450000500170000001000130001702000220003003500130005203700170006504000120008208200170009410000230011124500640013426000370019827000380023530000240027350000200029765000210031765000330033870000030037120170124110013.0 aA-351319 c00.00a8120803914 aA-351319 bCen Lib/ Ret aDPLbEN a370.118bSHA aShamnshad Hussain  aCreativity :cby Shamnshad Hussain bconcept and findings / aDelhibMotilal banarsidassc1988 bDelhiaBuglow road, jawahar nagar axvi,146p.c20cm(Hb) aIncludes index  aCreative ability aCreative ability in children